00506 2200193 4500001002100000005001500021008004100036020002200077035001900099041000700118082001100125090001700136100002600153245004300179260002800222300002900250500001100279650002200290INLIS00000000000247620241224112539241224||||||||| | ||| |||| || |  a978-602-838-124-6 0010-1224002476 aid0 a639.31 a639.31 MGH p0 aM. Ghufran H. Kordi K00aPemeliharaan Ikan Nila Secara Intensif aJakartab@kademiac2011 axix+211 hlm;14.5 x 21 cm aCet. 1 0aIlmu-ilmu terapan